Angielskie nazwy sprzętu wojskowego lądowego - Statystyki

Ogólne statystyki
  • Ten quiz został rozwiązany 77 razy
  • Średni wynik to 12 z 24
Statystyki odpowiedzi
Polski Angielski % Poprawnych
Pistolet Gun
94%
Czołg Tank
91%
Radar Radar
88%
Hełm Helmet
86%
Mina Mine
81%
Amunicja Ammunition
80%
Granat Grenade
66%
Niszczyciel czołgów Tank destroyer
61%
Mundur Uniform
61%
Maska przeciwgazowa Gas mask
56%
Karabin snajperski Sniper rifle
55%
Artyleria Artillery
53%
Wyrzutnia Launcher
50%
Karabin maszynowy Machine gun
50%
Granatnik Grenade launcher
34%
Bagnet Bayonet
31%
Rakieta Missile
23%
Działo przeciwpancerne Anti-tank gun
20%
Samochód pancerny Armoured car
20%
Haubica Howitzer
17%
Karabin automatyczny Assault rifle
16%
Działo przeciwlotnicze Anti-aircraft gun
14%
Pojazd rozpoznawczy Reconnaissance vehicle
9%
Moździerz Morter
5%
Nie znaleziono quizów pasujących do podanych kryteriów
Rozkład punktacji
Procent ludzi z każdym wynikiem
Percentyl według liczby udzielonych odpowiedzi
Twoja historia wyników
Nie rozwiązałeś tego quizu